| 000 | 00545nam a2200217Ia 4500 | ||
|---|---|---|---|
| 003 | GCL | ||
| 008 | 140319s9999 xx 000 0 ara d | ||
| 040 |
_aGCL / _cGCL |
||
| 082 | 0 | 4 |
_a631.4 _bف ا |
| 100 | 1 | _aفارب، بيتر | |
| 245 | 1 | 0 |
_aالارض الحية / _cفارب، بيتر |
| 700 | 1 | _aثابت قصبجى | |
| 300 | _a201 ص | ||
| 490 |
_a100 قصة _v0 |
||
| 650 | 0 | 4 | _aالتربة |
| 650 | 0 | 4 | _aالحشرات |
| 650 | 0 | 4 | _aالصحارى |
| 650 | 0 | 4 | _aالغابات |
| 650 | 0 | 4 | _aالحشائش |
| 942 |
_2ddc _cBK |
||
| 999 |
_c45921 _d45921 |
||